Central Library OPAC University of Rajshahi

Bureaucracy in Canadian government; (Record no. 25591)

MARC details
000 -LEADER
fixed length control field 00758cam a2200265 4500
001 - CONTROL NUMBER
control field 25591
003 - CONTROL NUMBER IDENTIFIER
rucl marc code BD-RjUL
005 - DATE AND TIME OF LATEST TRANSACTION
control field 20211209050912.0
008 - FIXED-LENGTH DATA ELEMENTS--GENERAL INFORMATION
fixed length control field 140318s1969 onc b 001 0 eng
020 ## - INTERNATIONAL STANDARD BOOK NUMBER
International Standard Book Number 0458903809
035 ## - SYSTEM CONTROL NUMBER
System control number (BD-RjUL)25661
040 ## - CATALOGING SOURCE
Original cataloging agency DLC
Transcribing agency DLC
Modifying agency DLC
-- BD-RjUL
Language of cataloging eng
041 ## - LANGUAGE CODE
Language code of text/sound track or separate title eng
082 00 - DEWEY DECIMAL CLASSIFICATION NUMBER
Classification number 354.710008
Author mark and year BUR
245 10 - TITLE STATEMENT
Title Bureaucracy in Canadian government;
Remainder of title selected readings,
Statement of responsibility, etc. edited by W. D. K. Kernaghan.
260 ## - PUBLICATION, DISTRIBUTION, ETC. (IMPRINT)
Place of publication, distribution, etc. Toronto :
Name of publisher, distributor, etc. Methuen,
Date of publication, distribution, etc. 1969.
300 ## - PHYSICAL DESCRIPTION
Pagination viii, 190 p. ;
Size 23 cm.
350 ## - PRICE (NR) (BK AM CF MU VM SE) [OBSOLETE]
Price unpriced
504 ## - BIBLIOGRAPHY, ETC. NOTE
Bibliography, etc Includes bibliographies.
651 #0 - SUBJECT ADDED ENTRY--GEOGRAPHIC NAME
Geographic name Canada
General subdivision Politics and government.
9 (RLIN) 78665
700 ## - ADDED ENTRY--PERSONAL NAME
Personal name Kernaghan, Kenneth,
942 ## - ADDED ENTRY ELEMENTS (KOHA)
Source of classification or shelving scheme Dewey Decimal Classification
Koha item type Books
Holdings
Lost status Source of classification or shelving scheme Damaged status Not for loan Collection code Permanent Location Current Location Shelving location Date acquired Source of acquisition Cost, normal purchase price Total Checkouts Full call number Date last seen Copy number Koha item type
  Dewey Decimal Classification   Added to bundle Non-fiction Central Library, University of Rajshahi Central Library, University of Rajshahi Reading Room 18/01/1975 Obudul Hug. 0.00   354.710008 BUR 1969 18/03/2014 C-1 Books